| 000 | 01407nac a22003011u 4500 | ||
|---|---|---|---|
| 010 | _a 82007787 | ||
| 020 | _a0070321213 (pbk.) : | ||
| 082 | 0 | 0 |
_a620.1/12 _bJ124 |
| 090 |
_c101 _d101 |
||
| 100 | _aJackson, John H. | ||
| 245 | 1 | 0 |
_aSchaum's outline of theory and problems of elementary statics and strength of materials / _cby John H. Jackson and Harold G. Wirtz. |
| 260 |
_aNew York : _bMcGraw-Hill, _cc1983. |
||
| 300 |
_a376 p. : _bill. ; _c28 cm. |
||
| 490 | 0 | _aSchaum's outline series | |
| 500 | _aCover title: Theory and problems of statics and strength of materials. | ||
| 500 | _aSpine title: Statics and strength of materials. | ||
| 500 | _aIncludes index. | ||
| 650 | 0 | _aStatics. | |
| 650 | 0 | _aStrength of materials. | |
| 700 | 1 | _aWirtz, Harold G. | |
| 740 | 0 | _aTheory and problems of statics and strength of materials. | |
| 740 | 0 | _aStatics and strength of materials. | |
| 856 | 4 | 2 |
_3Publisher description _uhttp://www.loc.gov/catdir/description/mh022/82007787.html |
| 856 | 4 | 2 |
_3Table of contents _uhttp://www.loc.gov/catdir/toc/mh021/82007787.html |
| 942 |
_cBB _k620.112J124 |
||
| 999 |
_c101 _d101 |
||